[Event "XXVIII Magistral Elgoibar 2018"]
[Site "Elgoibar"]
[Date "2018.12.13"]
[Round "2"]
[White "Martinez Fernandez, Adrian"]
[Black "Starostits, Ilmars"]
[Result "0-1"]
[WhiteElo "2212"]
[BlackElo "2458"]
[Annotator "TA"]
[PlyCount "134"]
[EventDate "2018.12.12"]
[EventType "tourn"]
[EventCountry "ESP"]
[SourceTitle "playchess.com"]
[Source "ChessBase"]
[SourceQuality "1"]

{[%evp 11,134,-14,-14,-13,6,-8,0,0,0,-15,-10,-52,-53,-58,-69,-80,-68,-60,-71,-104,-97,-108,-96,-122,-97,-120,-126,-225,-138,-147,-140,-141,-147,-143,-143,-148,-133,-138,-136,-129,-144,-146,-139,-138,-136,-141,-145,-153,-162,-154,-146,-170,-150,-144,-156,-231,-170,-159,-125,-142,-135,-150,-134,-325,-327,-329,-327,-311,-319,-314,-278,-266,-273,-313,-314,-320,-300,-343,-341,-381,-351,-333,-356,-335,-344,-345,-345,-365,-362,-307,-307,-305,-301,-278,0,-204,-197,-941,-883,-1129,-1110,-1102,-1039,-1165,-593,-5525,-5112,-5097,-4443,-2612,-2278,-2131,-1855,-29957,-29945,-5158,-5604,-29970,-29971,-29971,-29967,-29959,-12606,-29967,-29969]} 1. e4 c5 2. Nf3 Nc6 3. Nc3 e5 4. Bb5 d6 5. Bxc6+ bxc6 6. O-O Nf6 {LiveBook: 4 Games} 7. d3 {B51: Sicilian: Moscow Variation (3 Bb5+) without 3...Bd7} (7. h3 Be7 8. d3 O-O 9. b3 h6 10. Ne2 Be6 11. Ng3 Qd7 12. Nh2 Nh7 13. f4 exf4 14. Bxf4 Bf6 15. Rb1 Bd4+ 16. Kh1 {1-0 (49) Nakamura,H (2651)-Abbasov,F (2444) ICC INT 2007}) 7... h6 8. Ne2 $146 ({Predecessor:} 8. h3 Be7 9. Be3 Be6 10. Na4 O-O 11. c4 Nd7 12. Nc3 f5 13. Nh2 {0-1 (30) Ntagasigumwami,D (1736)-Hernandez Guerrero,G (2531) Durban 2014}) 8... g6 9. Ng3 {The position is equal.} Bg7 10. c3 O-O 11. d4 cxd4 12. cxd4 exd4 13. Nxd4 Qb6 14. Nb3 c5 15. Bd2 Re8 16. Re1 h5 {[%cal Bh6h5,Bh5h4,Bh4h3][%mdl 32]} 17. f3 h4 18. Nf1 h3 19. g3 (19. Ba5 $17 Qb5 20. Bc3) 19... Bb7 20. Ba5 Qc6 {[%cal Rf6e4]} 21. Bc3 {[#]} Nxe4 $1 {[%mdl 512]} 22. fxe4 {[#] Black must now prevent Na5.} (22. Rxe4 Rxe4) 22... Bxc3 $1 ({Not} 22... Rxe4 23. Na5 $11) 23. bxc3 {Na5 is the strong threat.} Rxe4 24. Na5 Rxe1 {[%csl Gb7,Gh3][%cal Rc6g2]} 25. Nxc6 Rxd1 26. Rxd1 Bxc6 27. Rxd6 $17 {[%mdl 4096] Endgame KRB-KRN} Rc8 28. Kf2 {[#]} Kf8 $1 29. g4 Ke7 30. Rd2 Rb8 31. Kg3 Rb1 32. Re2+ Kf6 33. Ne3 (33. Nd2 $17 Rc1 34. Re3) 33... Rg1+ 34. Kh4 Bd7 35. Rf2+ Kg7 36. Kxh3 Be6 37. Rc2 $2 (37. c4 $17) 37... Re1 $19 38. Ng2 Re4 39. Kg3 Rxg4+ 40. Kf3 Ra4 41. Nf4 Bxa2 42. Rg2 Kf6 43. Ke3 Be6 44. Nd3 Rc4 45. Rf2+ Ke7 46. Ra2 Rxc3 47. Rxa7+ Kd6 48. Kd2 Rc4 49. Ke3 Rc2 50. Ra6+ Kc7 51. Ne5 Kb7 ({Don't do} 51... Rxh2 52. Nxf7 Rh3+ 53. Kf4 $19) 52. Rd6 Kc7 53. Ra6 $1 Rxh2 {Strongly threatening ...Rh3+.} 54. Nxf7 $2 (54. Rc6+ Kd8 55. Rxc5) 54... Bxf7 {KRB-KR} 55. Ra7+ Kd6 56. Rxf7 {KR-KR} Kd5 57. Rf4 Rg2 58. Kf3 Rg5 {( -> ...Rf5)} 59. Ke3 Re5+ 60. Kd3 Rf5 61. Rg4 g5 62. Ke3 Re5+ 63. Kd3 Ke6 64. Ra4 Kf5 65. Ra8 Kf4 66. Rf8+ Kg3 67. Rg8 g4 {Accuracy: White = 39%, Black = 81%.} 0-1

[Event "XXVIII Magistral Elgoibar 2018"]
[Site "Elgoibar"]
[Date "2018.12.13"]
[Round "3"]
[White "Strikovic, Aleksa"]
[Black "Martinez Fernandez, Adrian"]
[Result "1-0"]
[WhiteElo "2488"]
[BlackElo "2212"]
[Annotator "TA"]
[PlyCount "91"]
[EventDate "2018.12.12"]
[EventType "tourn"]
[EventCountry "ESP"]
[SourceTitle "playchess.com"]
[Source "ChessBase"]
[SourceQuality "1"]

{[%evp 22,91,-16,-12,14,25,21,-1,-4,-12,18,4,25,19,29,18,27,12,27,28,37,37,51,40,45,38,66,66,82,79,95,64,57,53,59,52,46,47,57,54,69,50,61,64,71,73,77,77,83,65,68,45,80,52,81,0,71,0,95,95,222,219,312,222,353,282,280,163,455,419,1154,1114]} 1. c4 e6 2. Nf3 Nf6 3. g3 d5 4. b3 Be7 5. Bg2 O-O 6. O-O c5 7. cxd5 Nxd5 8. Bb2 Nc6 9. Nc3 Bf6 10. Qc1 Nxc3 11. Bxc3 e5 {A14: English Opening: 1...e6 with b3 by White} (11... Nd4 12. Re1 Rb8 13. Nxd4 Bxd4 14. Qa3 a6 15. Bxd4 cxd4 16. Rac1 b6 17. Rc6 Bb7 18. Rd6 Qe7 19. Qb4 Bxg2 20. Kxg2 e5 21. Rc1 a5 22. Qa3 Rbc8 23. Rc4 b5 24. Rxc8 Rxc8 25. Rc6 Qb7 {0-1 (25) Skembris,S (2393)-Mastrovasilis,A (2497) Rio Achaea 2018}) 12. d3 {LiveBook: 10 Games} Qe7 13. Nd2 Nd4 {White has an edge.} 14. Re1 $146 ({Predecessor:} 14. Bxd4 exd4 15. Ne4 Bg4 16. Re1 Be5 17. Qxc5 Qe6 18. f4 Bf6 19. Nxf6+ Qxf6 {½-½ (41) Zenzera,A (2099)-Shafarostov,A (1998) Dagomys 2009}) 14... Bg4 15. f3 Be6 16. Ne4 Bd5 17. e3 Nc6 18. Qb2 Rad8 19. a3 Rfe8 20. b4 $36 {[%mdl 2048] White has good play.} cxb4 21. axb4 {Threatens to win with b5.} a6 22. b5 axb5 23. Qxb5 Bxe4 24. dxe4 Rc8 25. Bh3 Rc7 26. Rad1 (26. Qb6 {is interesting.} Bg5 27. f4 Bf6 28. Red1 Rd8 29. Rd5) 26... Rd8 27. Rxd8+ (27. Rd5 {keeps more tension.} g6 28. Qb6 Ra8 29. Bf1 h5 30. Red1) 27... Qxd8 28. Qb2 h6 29. Bf1 Qd6 30. Kf2 Rd7 31. Be2 Qc5 32. Rc1 Qa7 33. Bc4 Bg5 34. Re1 Qc5 35. Bb5 Bf6 36. Rc1 Qb6 37. h4 Rd6 38. Rc2 ({Better is} 38. Rb1 $16) 38... Qd8 (38... Nd4 $1 $11 39. Rd2 (39. exd4 exd4 40. Ba5 Qxa5 $11) 39... Nxb5 40. Rxd6 Qxd6 41. Qxb5 Qd1) 39. h5 (39. Bf1 $16) 39... Qb6 (39... Nd4 $1 $11 40. Rc1 (40. exd4 exd4 41. Ba5 Qxa5 $11) 40... Nxb5 41. Qxb5 {[%mdl 64] Double Attack} Qc8) 40. Bc4 $16 Qd8 (40... Qc7 $16) 41. Qxb7 $18 Ne7 (41... Qd7 {might work better.} 42. Qxd7 Rxd7) 42. Ra2 Kh7 (42... Rc6 $142) 43. Ba5 ({Resist} 43. Bxf7 Rd1 $18) 43... Qe8 44. Bb5 (44. Be1 $142) 44... Qh8 $2 {[#]} (44... Nc6) 45. Bb4 Re6 (45... Qc8 $142 46. Qxc8 Nxc8 47. Bxd6 Nxd6) 46. Ra8 {Accuracy: White = 44%, Black = 14%.} 1-0

[Event "XXVIII Magistral Elgoibar 2018"]
[Site "Elgoibar"]
[Date "2018.12.13"]
[Round "3"]
[White "Oratovsky, Michael"]
[Black "Velten, Paul"]
[Result "*"]
[WhiteElo "2464"]
[BlackElo "2485"]
[Annotator "TA"]
[PlyCount "25"]
[EventDate "2018.12.12"]
[EventType "tourn"]
[EventCountry "ESP"]
[SourceTitle "playchess.com"]
[Source "ChessBase"]
[SourceQuality "1"]

{[%evp 19,25,0,0,-14,0,6,14,-4]} 1. e4 e5 2. Bc4 Nf6 3. d3 c6 4. Nf3 d5 5. Bb3 Bb4+ 6. Bd2 Bxd2+ 7. Nbxd2 Bg4 {C24: Bishop's Opening: 2...Nf6} (7... a5 8. a3 Nbd7 9. O-O a4 10. Ba2 O-O 11. Re1 Re8 12. d4 exd4 13. exd5 Rxe1+ 14. Qxe1 cxd5 15. Rb1 {0-1 (64) Aronian,L (2764)-Caruana,F (2816) Paris 2018}) 8. h3 Bxf3 9. Qxf3 O-O 10. O-O Qd6 {LiveBook: 3 Games. The position is equal.} 11. c3 $146 ({Predecessor:} 11. Rfe1 Nbd7 12. Nf1 Nc5 13. exd5 Nxb3 14. axb3 Nxd5 15. Ne3 {½-½ (33) Hamdouchi,H (2570)-Degraeve,J (2595) Belfort 2002}) 11... Nbd7 12. exd5 cxd5 13. d4 *

[Event "XXVIII Magistral Elgoibar 2018"]
[Site "Elgoibar"]
[Date "2018.12.13"]
[Round "3"]
[White "Starostits, Ilmars"]
[Black "Napoli, Nicolo"]
[Result "*"]
[WhiteElo "2458"]
[BlackElo "2289"]
[Annotator "TA"]
[PlyCount "60"]
[EventDate "2018.12.12"]
[EventType "tourn"]
[EventCountry "ESP"]
[SourceTitle "playchess.com"]
[Source "ChessBase"]
[SourceQuality "1"]

{[%evp 19,60,12,18,10,30,28,51,22,20,32,50,41,27,28,93,44,44,45,47,42,48,47,49,46,51,45,54,46,105,0,9,-45,-40,-43,-60,-49,-52,-68,-69,-69,-24,-27,0]} 1. d4 Nf6 2. Nf3 e6 3. e3 d5 4. Bd3 Nbd7 5. b3 Bb4+ 6. Bd2 {[%cal Bc1d2,Bd2c3,Bc3b2][%mdl 32] D05: Colle System with ...e6} (6. c3 Bd6 7. c4 e5 8. c5 Be7 9. dxe5 Ng4 10. Bb2 Nxc5 11. Bc2 f5 12. h3 Nh6 13. Nc3 {1-0 (46) Jussupow,A (2566)-Brandenburg,D (2522) Germany 2012}) 6... Bd6 7. Bc3 Ne4 8. Bb2 O-O {[%cal Bh8f8,Bf8f6,Bf6h6][%mdl 32]} 9. O-O f5 10. c4 c6 {LiveBook: 10 Games} 11. Ne5 Rf6 $146 ({Predecessor:} 11... Nxe5 12. dxe5 Be7 13. Nc3 Nxc3 14. Bxc3 {½-½ (14) Pytel,K (2395)-Terrieux,K (2227) Fouesnant 2004}) 12. f3 {[%cal Bf2f3,Bf3f4][%mdl 32]} Ng5 13. Nd2 {[%cal Bb1d2,Bd2f3,Bf3g5][%mdl 32]} Rh6 14. Qe2 Qf8 15. f4 Ne4 16. Ndf3 Ndf6 (16... Nxe5 $11 {keeps the balance.} 17. Nxe5 (17. fxe5 Be7 $11) (17. dxe5 Bc5 $14) 17... Qe7) 17. c5 Bc7 18. b4 $36 {[%mdl 2048] White fights for an advantage.} Qe8 19. Ng5 Bxe5 20. dxe5 ({Reject} 20. fxe5 Nxg5 21. exf6 gxf6 $15) 20... Nd7 $1 21. Bxe4 fxe4 22. Bd4 Nf8 23. a4 Bd7 (23... a5 $14) 24. g4 ({White should play} 24. Bc3 $16) 24... Rh4 $11 25. Qg2 (25. Kg2 $1 $11) 25... h6 $15 26. Nh3 h5 $1 27. Nf2 hxg4 28. Nxg4 {[#] Threatens to win with Nf6+.} Kh8 29. Kh1 Qf7 30. Rg1 Rh7 {Accuracy: White = 59%, Black = 45%.} *

[Event "XXVIII Magistral Elgoibar 2018"]
[Site "Elgoibar"]
[Date "2018.12.13"]
[Round "3"]
[White "Suarez Garcia, Carlos"]
[Black "Huerga Leache, Mikel"]
[Result "*"]
[WhiteElo "2449"]
[BlackElo "2448"]
[Annotator "TA"]
[PlyCount "60"]
[EventDate "2018.12.12"]
[EventType "tourn"]
[EventCountry "ESP"]
[SourceTitle "playchess.com"]
[Source "ChessBase"]
[SourceQuality "1"]

{[%evp 10,60,-4,-13,9,-3,0,0,0,-14,-2,-10,-19,-43,-12,-36,-27,-25,-16,-12,-4,-6,1,0,11,15,11,4,10,0,10,0,0,0,0,-12,13,0,0,0,1,0,27,0,26,0,0,-22,-25,-12,0,-55,-11]} 1. d4 Nf6 2. Bf4 c5 3. e3 Nd5 (3... Qb6 4. Nc3 a6 5. Bc4 cxd4 6. exd4 e6 7. Nge2 d5 8. Bb3 Bd7 9. O-O Be7 10. Qe1 O-O 11. Rd1 Nc6 {1-0 (23) Aronian,L (2767)-Giri,A (2782) chess.com INT 2018}) 4. Bg3 Qb6 5. Nc3 Nxc3 6. bxc3 {LiveBook: 4 Games. A45: Trompowsky Attack} d6 7. Bd3 Qa5 $146 ({Predecessor:} 7... Nc6 8. Nf3 Qb2 9. O-O Qxc3 10. Ng5 g6 11. Qf3 {½-½ (42) Royzen,I (1851)-Klinetobe,D (2053) San Francisco 2012}) 8. Qd2 {The position is equal.} g6 9. Ne2 Bg7 10. O-O {[%cal Bh1f1,Bf1b1,Bb1b5][%mdl 32]} O-O 11. Rfb1 e5 12. Rb5 Qc7 13. Rd1 Qc6 {[#] Hoping for ...c4.} 14. d5 Qc7 15. c4 $1 f5 {And now ...e4 would win.} 16. f3 Bh6 17. Nc3 Nd7 {[%cal Bb8d7,Bd7f6,Bf6h5][%mdl 32]} 18. Qe1 Nf6 19. Rdb1 Qe7 20. e4 Nh5 21. Bh4 Bg5 22. Bf2 Bh6 23. Bh4 Qg7 24. Bf2 Bg5 25. R5b3 Rf6 26. Bf1 Qh6 27. Rd1 (27. Nb5 $5 {[%cal Rb5c7]}) 27... Qf8 28. Bd3 Rf7 29. Rdb1 Bd8 30. Ne2 (30. exf5 $11 gxf5 31. g3) 30... Kh8 {Accuracy: White = 32%, Black = 45%.} *

[Event "XXVIII Magistral Elgoibar 2018"]
[Site "Elgoibar"]
[Date "2018.12.14"]
[Round "4"]
[White "Velten, Paul"]
[Black "Ambartsumova, Karina"]
[Result "1-0"]
[WhiteElo "2485"]
[BlackElo "2383"]
[Annotator "TA"]
[PlyCount "115"]
[EventDate "2018.12.12"]
[EventType "tourn"]
[EventCountry "ESP"]
[SourceTitle "playchess.com"]
[Source "ChessBase"]
[SourceQuality "1"]

{[%evp 24,115,73,69,76,72,74,78,74,70,79,73,157,110,123,88,88,88,125,87,93,88,92,83,87,0,0,0,0,-29,0,0,59,0,0,0,0,0,92,0,88,77,90,-50,0,0,68,-68,-61,-56,-62,-49,0,0,92,106,89,87,72,64,244,276,254,247,351,346,344,313,403,339,431,442,458,454,783,764,806,802,804,795,799,789,747,597,610,619,625,625,606,603,555,587,1150,1102]} 1. d4 Nf6 2. c4 g6 3. Nc3 Bg7 4. e4 d6 5. Be2 O-O 6. Be3 e5 7. d5 a5 8. g4 Na6 {E73: King's Indian: Averbakh Variation without 6...c5} 9. h4 Nc5 10. f3 h5 11. g5 Nfd7 (11... Nh7 12. Kd2 Bd7 13. Nh3 c6 14. Nf2 cxd5 15. exd5 f5 16. gxf6 Nxf6 17. Bxc5 dxc5 {0-1 (37) Vallejo Pons,F (2705)-Radjabov,T (2741) Palma de Mallorca 2017}) 12. Nh3 Nb6 13. Qd2 {LiveBook: 5 Games} Bd7 14. Nf2 Re8 $146 ({Predecessor:} 14... Qb8 15. Bxc5 dxc5 16. Qe3 {0-1 (57) Askerov,M (2300)-Murtazin,B (2404) St Petersburg 2018}) 15. b3 Na6 16. Nd3 Qe7 17. Rc1 Nc5 (17... Reb8 $142) 18. Nb5 Bxb5 19. cxb5 {[%cal Rd3c5]} Nbd7 20. Nf2 f5 21. Qc2 Rf8 22. O-O Kh7 23. Nh3 Rf7 24. Bd3 (24. Kg2 $16) 24... Nxd3 $11 25. Qxd3 Nc5 26. Qc4 b6 27. Bxc5 bxc5 (27... dxc5 $11 28. Kg2 Raf8) 28. exf5 (28. Rce1 $14) 28... Rxf5 {White should prevent ...e4!} 29. Rce1 Raf8 $1 30. Kg2 Qd7 (30... e4 $1 $11 {remains equal.} 31. Rxe4 Qf7) 31. Re4 (31. Qd3 $16) 31... R8f7 (31... Rxf3 $1 $11 {keeps the balance.} 32. Rxf3 Rxf3 33. Kxf3 Qxh3+ 34. Ke2 Qh2+ 35. Kd1 Qxa2) 32. Qd3 $16 Rf8 33. Ra4 ({White should try} 33. a4 $16) 33... Qf7 34. Qe4 Ra8 (34... Qd7 $11) 35. Rd1 ({Better is} 35. Re1 $14) 35... Qd7 $1 $15 36. Qe2 Raf8 37. Rf1 Qf7 (37... Rb8 $15 {stays ahead.}) 38. Qe4 $16 Ra8 {[#]} 39. Re1 $1 {[%cal Bf1e1,Be1e3,Be3e2][%mdl 32]} Qd7 40. Qd3 Raf8 41. Re3 e4 $2 (41... Qf7 $14) 42. Raxe4 $18 {Hoping for Re7.} R8f7 43. Re6 {And now Nf4! would win.} Bd4 (43... Be5 {was necessary.} 44. Re1 Qc8) 44. Re2 Rg7 45. a4 Be5 46. Qe4 Rgf7 47. Nf2 {[%cal Bh3f2,Bf2d3,Bd3f4][%mdl 32] White is clearly winning.} Qd8 48. Nd3 Bg7 {[#]} (48... Qg8 $142 49. Nxe5 dxe5 50. Rxe5 Rf4) 49. Rxg6 $1 {[%mdl 512]} Kxg6 50. Nf4+ $1 Kh7 51. g6+ {[%mdl 64] Double Attack} Kh6 52. gxf7 Qf6 53. Qe8 Qxf7 54. Re6+ Kh7 {...Qxe8 is the strong threat.} 55. Qxf7 Rxf7 56. Nxh5 Be5 {[#]} 57. f4 $1 Bxf4 {intending ...Be5.} 58. Rf6 {Accuracy: White = 67%, Black = 41%.} 1-0

[Event "XXVIII Magistral Elgoibar 2018"]
[Site "Elgoibar"]
[Date "2018.12.14"]
[Round "4"]
[White "Suarez Garcia, Carlos"]
[Black "Starostits, Ilmars"]
[Result "1/2-1/2"]
[WhiteElo "2449"]
[BlackElo "2458"]
[Annotator "TA"]
[PlyCount "223"]
[EventDate "2018.12.12"]
[EventType "tourn"]
[EventCountry "ESP"]
[SourceTitle "playchess.com"]
[Source "ChessBase"]
[SourceQuality "1"]

{[%evp 21,223,36,53,39,67,55,53,28,35,16,39,19,20,8,7,20,14,20,37,47,56,27,100,95,96,87,87,87,101,91,90,87,104,88,90,89,89,90,89,87,89,86,82,85,91,92,105,89,88,88,85,84,90,93,103,98,104,107,125,130,137,111,106,106,112,75,112,112,112,78,138,140,147,144,152,152,152,152,152,152,152,152,152,152,152,152,152,0,152,152,152,152,152,152,152,97,97,8,8,8,8,8,8,8,8,8,8,8,8,8,8,8,8,8,8,8,8,8,8,8,8,8,8,8,8,8,8,8,8,8,8,8,8,8,8,0,8,8,8,8,8,0,8,0,8,8,8,8,8,8,8,8,8,0,8,0,8,8,8,8,8,8,8,8,8,8,8,8,8,8,8,8,8,8,8,8,8,8,8,8,8,0,8,8,8,8,8,8,8,8,8,8,8,8,8,8,8,8,8,8,8,8,8,0]} 1. d4 d5 2. c4 dxc4 3. e3 e5 4. Bxc4 exd4 5. exd4 Nf6 6. Nf3 Bd6 7. Qe2+ {D20: Queen's Gambit Accepted: 3 e3 and 3 e4} Qe7 8. Qxe7+ Bxe7 9. Nc3 (9. O-O O-O 10. Re1 Bd6 11. Nc3 a6 12. Bg5 Nbd7 13. a4 h6 14. Bh4 g5 15. Bg3 Kg7 16. Bb3 Re8 17. Ne5 Re7 {½-½ (17) Li,C (2724)-Alekseenko,K (2625) Qinhuangdao 2018}) 9... O-O 10. O-O Nc6 11. Re1 Bd6 {LiveBook: 3 Games} 12. Bg5 Bf5 13. Bxf6 gxf6 {[#]} 14. Bd5 $146 ({Predecessor:} 14. Ne4 Kg7 15. Nxd6 cxd6 {1-0 (59) Ponkratov,P (2605)-Magalashvili,D (2506) Amol 2018}) 14... Kg7 15. Nh4 Bg6 16. Bxc6 (16. Nb5 {seems wilder.} Rfd8 17. Bxc6 bxc6 18. Nxd6 Rxd6 19. Nf3) 16... bxc6 17. Nxg6 hxg6 18. Rac1 Rab8 19. b3 Rfe8 20. Rxe8 Rxe8 $14 {[%mdl 4096] Endgame KRB-KRN} 21. Kf1 c5 ({Don't blunder} 21... Bxh2 $2 22. g3 $18) (21... Ba3 $11 22. Rc2 Rd8) 22. dxc5 $16 Bxc5 23. Nd5 Bb6 24. Nxc7 Rd8 25. Rc2 f5 26. Nb5 Rd1+ 27. Ke2 Rg1 28. Kf3 g5 29. h3 g4+ {[%mdl 64] Decoy} 30. hxg4 fxg4+ 31. Kxg4 Rxg2+ 32. Kf3 Rh2 33. Nd6 Kf6 34. Re2 Rh3+ 35. Kg4 Rd3 36. Nc4 Bc7 37. Re8 Bd8 38. Kf4 Rd1 39. Kf3 a5 40. Ke2 Rd5 41. a4 Be7 42. Rb8 Bb4 43. Rb5 Ke6 44. Rb6+ Ke7 45. f4 Rh5 (45... f6 $142) 46. Kd3 Rh3+ 47. Ke4 Rxb3 {[#]} 48. Nxa5 $1 {[%mdl 512]} Re3+ (48... Bxa5 49. Rxb3) 49. Kxe3 {Threatening mate with Nc6+.} Bc5+ 50. Ke4 Bxb6 {KB-KN} 51. Nc4 Bf2 52. Kd5 Bg3 53. Kc6 {a5 is the strong threat.} Be1 54. Kd5 $2 (54. Ne3 $16) 54... Kf6 $2 ({Black should play} 54... Bg3 $11) 55. Ke4 Ke6 56. f5+ Kd7 57. Ne5+ Ke7 58. a5 (58. Nf3 $142 Bc3 59. Kd5) 58... Kd6 {[#]} 59. Nxf7+ (59. a6 $1 $16 {[%cal Ra6a7] Intending a7 and mate.} Kc7 60. a7 (60. Nd3 Bh4 $11)) 59... Kc7 $11 {The position is equal.} 60. Ne5 Bxa5 61. Kd5 Bb4 62. f6 Ba3 63. Ke6 Bb2 64. f7 Ba3 65. Ng6 Kd8 66. Nh4 Bb4 67. Nf5 Bf8 $1 68. Nd6 Kc7 69. Nb5+ Kc6 70. Nd4+ Kc7 $1 71. Nf3 Ba3 72. Ne5 Bb4 73. Nd3 Ba3 74. Nf4 Kd8 75. Nd5 (75. f8=Q+ $5 Bxf8 76. Nh5 $11) 75... Bc5 76. Nf6 Ba3 77. Nd7 (77. f8=Q+ {keeps more tension.} Bxf8 78. Kf5 Ke7 79. Nd5+ Kd8 80. Kf6) 77... Kc7 78. Ne5 (78. f8=Q {looks sharper.} Bxf8 79. Nf6 Kc8 80. Kf5 Kb7 81. Ne4) 78... Bb4 79. Kf6 (79. Kd5 {looks sharper.} Kc8 80. Nc6 Bf8 81. Nd4 Kc7 82. Ne6+) 79... Ba3 80. Nd3 Kd8 81. Ke6 (81. f8=Q+ $5 Bxf8 82. Kg6 $11) 81... Kc7 82. Nf4 Kd8 83. Nh5 Kc7 84. Ng7 Bf8 85. Ne8+ Kc6 86. Nf6 Kc7 $1 87. Nd7 Ba3 88. Nf6 (88. f8=Q {keeps more tension.} Bxf8 89. Nf6 Kc8 90. Kf5 Kb7 91. Ne4) 88... Bf8 89. Ne4 $1 Ba3 90. Nc3 {White threatens Nb5+ and mate.} Bf8 91. Ke5 Kd7 92. Kf6 Ba3 (92... Bd6 {seems wilder.} 93. Ne4 Be7+ 94. Kf5 Kc7 95. Ke5 Ba3) 93. Na4 Kd8 94. Kf5 Ke7 95. Kg6 Kd8 96. Nb6 Bb4 97. Kf6 Ba3 98. Ke6 Kc7 99. Na4 Bf8 (99... Kd8 {with more complications.} 100. Nc3 Bb4 101. f8=R+ Bxf8 102. Ne4 Ba3) 100. Nc3 Bc5 101. Nd5+ Kd8 102. Kf6 Ba3 103. Kg7 (103. f8=Q+ $5 Bxf8 104. Kg6 $11) 103... Bb2+ 104. Nf6 Ba3 105. Ne8 Bb2+ 106. Kg6 $1 Ba3 107. Kf6 Kd7 108. Ng7 Bb2+ 109. Kg6 Ba3 $1 110. Nh5 Kd8 111. Nf6 Bb4 112. Nd7 {Accuracy: White = 66%, Black = 78%.} 1/2-1/2

[Event "XXVIII Magistral Elgoibar 2018"]
[Site "Elgoibar"]
[Date "2018.12.14"]
[Round "4"]
[White "Huerga Leache, Mikel"]
[Black "Moreno Ruiz, Javier"]
[Result "1/2-1/2"]
[WhiteElo "2448"]
[BlackElo "2450"]
[Annotator "TA"]
[PlyCount "51"]
[EventDate "2018.12.12"]
[EventType "tourn"]
[EventCountry "ESP"]
[SourceTitle "playchess.com"]
[Source "ChessBase"]
[SourceQuality "1"]

{[%evp 23,51,11,13,12,7,0,14,16,42,9,62,53,68,28,22,26,31,8,37,9,13,0,10,0,0,-14,14,0,0,0]} 1. e4 c5 2. c3 d5 3. exd5 Qxd5 4. d4 Nf6 5. Nf3 e6 6. Be3 cxd4 7. cxd4 Bb4+ 8. Nc3 {B22: Sicilian: 2 c3} Bd7 (8... O-O 9. Be2 Nc6 10. O-O Qd8 11. Qb3 {½-½ (11) Yudin,S (2526)-Fier,A (2558) Almaty 2018}) 9. Bd3 O-O 10. O-O Bxc3 11. bxc3 Bb5 12. Bxb5 Qxb5 {LiveBook: 24 Games} 13. Rb1 Qd5 14. Qb3 $146 ({Predecessor:} 14. Qe2 Nc6 15. c4 Qd7 {½-½ (69) Jackson,S (2148)-Abbas,D (2245) England 2015}) 14... b6 15. c4 Qb7 16. a4 Nbd7 (16... Nc6 $11) 17. a5 Qc7 18. axb6 axb6 19. Rfc1 Rfc8 20. Bg5 (20. h3 {with more complications.} Qc6 21. Bg5 Ne4 22. Bf4 h6 23. Qe3) 20... Rab8 (20... h6 {is more complex.} 21. Bd2 Ne4 22. Be3 Qc6 23. Qd3 Nef6) 21. Bxf6 (21. Qe3 {keeps more tension.} Qc6 22. h3 h6 23. Bh4 Ne4 24. Re1) 21... Nxf6 {The position is equal.} 22. h3 h6 23. Ra1 Ra8 24. Qb2 Nd7 25. Rxa8 Rxa8 26. Qb4 {Accuracy: White = 15%, Black = 28%.} 1/2-1/2

[Event "XXVIII Magistral Elgoibar 2018"]
[Site "Elgoibar"]
[Date "2018.12.14"]
[Round "4"]
[White "Napoli, Nicolo"]
[Black "Strikovic, Aleksa"]
[Result "0-1"]
[WhiteElo "2289"]
[BlackElo "2488"]
[Annotator "TA"]
[PlyCount "54"]
[EventDate "2018.12.12"]
[EventType "tourn"]
[EventCountry "ESP"]
[SourceTitle "playchess.com"]
[Source "ChessBase"]
[SourceQuality "1"]

{[%evp 14,54,0,0,12,-10,-19,-45,-43,-97,-81,-282,-312,-301,-300,-280,-266,-272,-213,-223,-212,-200,-230,-364,-359,-370,-348,-329,-122,-122,-122,-107,-96,-117,-120,-304,-344,-500,-470,-689,-690,-1106,-650]} 1. d4 d6 2. c4 e5 3. Nc3 exd4 4. Qxd4 Nc6 5. Qd2 Nf6 6. b3 a5 {[%cal Ba7a5,Ba5a4][%mdl 32]} 7. Bb2 {A21: English Opening: 1...e5 2 Nc3} a4 8. Nd5 {LiveBook: 22 Games} Be6 (8... Be7 9. e3 O-O 10. Nf3 a3 11. Bxf6 Bxf6 12. Rd1 Bb2 13. Be2 Nb8 14. O-O Na6 {½-½ (57) Cramling,P (2443)-Paehtz,E (2481) Asnieres-sur-Seine 2017}) 9. Bxf6 $146 {The position is equal.} ({Predecessor:} 9. Nxf6+ gxf6 10. e4 axb3 11. axb3 Rxa1+ 12. Bxa1 Rg8 13. Ne2 Qa8 14. Bc3 Qa3 {1-0 (62) Narman,G (2081)-Schott,G (2201) Brussels 2008}) 9... gxf6 {[%cal Bg7f6,Bf6e5][%mdl 32]} 10. b4 Ne5 11. Qc3 (11. e4 $15) 11... c6 12. f4 $2 (12. Nf4 $17 {is a better defense.}) 12... cxd5 $19 13. fxe5 fxe5 14. cxd5 Bxd5 15. Nf3 Bg7 16. e4 Bxe4 17. Bb5+ Kf8 $1 {[%cal Be8f8,Bf8f7,Bf7g7][%mdl 32]} 18. O-O (18. Qe3 {was worth a try.} Bxf3 19. gxf3) 18... Qb6+ 19. Rf2 Bg6 20. Ng5 Bf6 $2 {[#]} (20... Qxb5 $19 21. Nxf7 Kg8 22. Nxd6 Qd3 23. Qxd3 Bxd3) 21. Nxf7 $1 $17 {[%mdl 512]} Kxf7 ({Weaker is} 21... Bh4 22. g3 $16) 22. Qf3 d5 $1 ({But not} 22... Qxb5 $6 23. Qxf6+ Kg8 24. Qe6+ Kg7 25. Qf6+ Kg8 26. Qe6+ Kg7 27. Qf6+ Kg8 $11) 23. Raf1 Rhc8 (23... Qxb5 24. Qxf6+ Kg8 25. Qe6+ Kg7 26. Rf7+ $1 {[%mdl 512]} Kh6 27. Qh3+ Kg5 28. Qg3+ Kh5 29. R1f5+ $1 {[%mdl 512]} Bxf5 30. Rxf5+ Kh6 31. Qg5#) 24. Kh1 $2 (24. Qxf6+ $17 {might work better.} Qxf6 25. Rxf6+ Kg8 26. Rd6) 24... Kg7 $1 $19 {White must now prevent ...Bh4.} ({Not} 24... Qxb5 25. Qxf6+ Kg8 26. Qe6+ Kh8 27. Qxe5+ Kg8 28. Qe6+ Kh8 29. Rf7 $1 $11 {[%mdl 512]}) 25. Qxd5 {[#]} (25. Qxf6+ {only move.} Qxf6 26. Rxf6) 25... Rf8 $1 {Black is clearly winning.} 26. g4 (26. Qd7+ $142 Kh8 27. Bd3) 26... Rad8 27. Bd7 Qd4 {Precision: White = 34%, Black = 53%.} 0-1